| 000 | 00995nam0a2200301 4500 | ||
|---|---|---|---|
| 001 | RU\NLR\bibl\1487734 | ||
| 005 | 20250616011806.0 | ||
| 010 | _a978-5-389-00652-2 | ||
| 021 |
_aRU _b2010-5960 _9381 |
||
| 035 | _a(NLR Aleph) 001479333 | ||
| 090 |
_a1693451 _c1693451 |
||
| 100 | _a20100205d2009 |||y0rusy50 ca | ||
| 101 | 1 |
_arus _ceng |
|
| 102 | _aRU | ||
| 105 | _ay ||||||||| | ||
| 200 | 1 |
_aРоковой коктейль _e[роман] _fШерил Андерсон _g[пер. с англ. К. Ересько] |
|
| 210 |
_aМосква _cИностранка _d2009 (2010 макет) |
||
| 215 |
_a414, [1] с. _d19 |
||
| 225 | 1 | _aСыск без отрыва от секса | |
| 686 |
_aШ5(7США)62-644.6 _2rubbk |
||
| 686 | _aШ6(7США)67-446{Лх1979-60} | ||
| 700 | 1 |
_aАндерсон _bШ. _gШерил _4070 |
|
| 801 | 0 |
_aRU _bRuMoRGB _c20100205 _grcr |
|
| 801 | 1 |
_aRU _bRuMoRGB _c20100205 |
|
| 801 | 2 |
_aRU _bNLR _c20100322 _grcr |
|
| 942 | _cBOOK | ||
| 980 | _aNB | ||